Statistiques concernant Réponses JetPunk les plus récurrentes - Départements

Cliquez ici pour prendre le quiz!

Statistiques générales

  • Ce quiz a été pris 383 fois
  • Le résultat moyen est 7 sur 13

Statistiques - réponses

#Départements% Correct
115Paris
92%
48Nord
78%
43Loire
75%
42Rhône
74%
41Pas-de-Calais
60%
43Var
57%
41Ain
47%
42Isère
33%
45Manche
33%
41Jura
31%
41Aude
30%
41Creuse
28%
73Vienne
18%

Distribution des résultats

Percentile par nombre de réponses

% des personnes avec chaque résultat

Votre développement - résultats

Vous n’avez pas pris ce quiz